[Event "HUN-chT 2017-18"]
[Site "Budapest"]
[Date "2018.05.06"]
[Round "9"]
[White "Szamoskozi, Gabor"]
[Black "Torma, Robert"]
[Result "0-1"]
[WhiteElo "2279"]
[BlackElo "2459"]
[Annotator "TA"]
[PlyCount "264"]
[EventDate "2018.??.??"]
[EventType "team-tourn"]
[EventCountry "HUN"]
[SourceTitle "playchess.com"]
[Source "ChessBase"]
[SourceQuality "1"]
[WhiteTeam "Hungary"]
[BlackTeam "Hungary"]
[WhiteTeamCountry "HUN"]
[BlackTeamCountry "HUN"]

{[%evp 32,264,0,0,4,0,4,6,8,0,0,-12,2,0,0,-19,0,0,0,0,0,0,0,-36,-19,-113,-110,-200,-184,-206,-202,-210,-204,-195,-200,-194,-206,-209,-62,-156,-140,-147,-161,-193,-76,-76,-76,-76,-76,-76,-76,-76,-76,-101,-68,-76,-68,-68,-68,-68,-68,-76,-67,-67,-67,-112,-68,-112,-68,-112,-76,-112,-76,-112,-112,-112,-112,-112,0,0,0,0,0,0,0,0,0,-20,0,-28,0,0,0,0,0,0,0,0,0,0,0,-28,0,-28,0,-8,-8,-28,0,-8,-8,-8,-8,-28,-28,-28,-28,-28,0,0,0,0,0,0,0,0,0,0,0,0,0,0,0,0,0,0,0,0,0,0,0,0,0,0,0,0,0,0,0,0,0,0,0,0,0,0,0,0,0,0,0,0,0,0,0,0,0,0,0,0,0,0,0,0,0,0,0,0,0,0,0,0,0,0,0,0,0,0,0,0,0,0,0,0,0,0,0,0,0,0,0,0,0,0,0,0,0,-29982,-29983,-29984,-29985,-29985,-29986,-29986,-29987,-29987,-29988,-29982,-29968,-29971,-29970,-29972,-29972,-29983,-29960,-29986,-29982,-29984,-29985,-29985,-29970,-29991,-29987,-29987,-29988]} 1. e4 c5 2. Nf3 e6 3. d4 cxd4 4. Nxd4 Nc6 5. Nc3 Qc7 6. Be2 a6 7. Be3 Nf6 8. O-O Be7 9. f4 d6 10. Kh1 O-O 11. Qe1 Nxd4 12. Bxd4 b5 13. a3 Bb7 14. Qg3 Rad8 15. Rae1 Bc6 16. Bd3 {B85: Sicilian Scheveningen: 6 Be2 a6, lines with early Be3} Qd7 17. Nd1 {LiveBook: 11 Games} g6 {[#]} 18. Nf2 $146 {The position is equal.} ({Predecessor:} 18. Bc3 d5 19. e5 Nh5 20. Qg4 d4 21. Ba5 Rc8 22. Nf2 Ng7 23. Qh3 h5 {½-½ (78) Fedorchuk,S (2648)-Inarkiev,E (2689) Riadh 2017}) 18... Nh5 19. Qe3 f6 20. Bc3 e5 21. fxe5 dxe5 22. Ba5 Rc8 23. Rd1 Qe6 24. Be2 Nf4 $36 {[%mdl 2048] Black is pushing.} 25. Bf3 Qc4 26. Nd3 Qxc2 27. Nxf4 (27. Bb4 {with more complications.} Rfd8 28. Nxf4 exf4 29. Rxd8+ Rxd8 30. Qxf4 Bxb4 31. Qxf6 Re8 32. axb4 Qc4 33. Kg1) 27... exf4 28. Qxf4 (28. Qa7 $1 $11 {remains equal.} Bc5 29. Qxa6 Qxb2 30. Rc1) 28... Qxb2 $17 29. Bb4 (29. Rd3 $17) 29... Bxb4 $19 30. axb4 Qxb4 31. Rd6 g5 32. Qg3 Bxe4 33. Bxe4 Qxe4 34. Rxa6 Qf4 ({Black should play} 34... b4 $19 35. Qb3+ Rc4) 35. Qe1 ({White should try} 35. Qxf4 $15 gxf4 36. Kg1) 35... Qe5 36. Qb1 Rf7 37. h3 Rb8 (37... Kg7 $19 {and Black stays clearly on top.} 38. Ra5 Rc5) 38. Rf5 $17 Qc3 39. Rxb5 Rxb5 40. Qxb5 {[%mdl 4096] Endgame KQR-KQR} Qc1+ 41. Kh2 Qf4+ 42. Kh1 Rc7 {[#] ( -> ...Rc1+)} 43. Ra1 Rc1+ (43... Re7 {is interesting.} 44. Qc5 Qe4 45. Ra6 Kf7 46. Qf2 Qe5) 44. Rxc1 Qxc1+ $15 {KQ-KQ} 45. Kh2 Qc7+ 46. Kh1 Qe5 47. Qd7 h5 48. Kg1 Qe4 49. Kh2 Kf8 50. Qd1 Qe8 (50... Qe5+ {keeps more tension.} 51. Kg1 h4 52. Qd8+ Kf7 53. Qd3 Qc5+) 51. Qf3 Kg7 52. Qb7+ Kh6 53. Qb3 Qe5+ 54. Kh1 g4 ({Better is} 54... Qe1+ $17 55. Kh2 Kg7) 55. hxg4 $11 hxg4 56. g3 $1 Kg7 57. Qb7+ Kg6 58. Qb3 Kf5 59. Kh2 Qe2+ 60. Kg1 Qd2 61. Qb1+ Ke5 62. Qb5+ Ke4 63. Qc6+ Qd5 64. Qc2+ Ke5 (64... Qd3 $5 {[%cal Rd3c2]} 65. Qc6+ Qd5 66. Qc2+ Ke5 67. Qc7+ Qd6 68. Qa5+ Ke6 69. Qa2+ Qd5 70. Qe2+ Kf5 $17) 65. Qc7+ Qd6 66. Qa5+ Ke6 67. Qa2+ Qd5 68. Qe2+ Kf5 69. Qc2+ Ke5 (69... Kg5 {feels hotter.} 70. Qc1+ Kh5 71. Qc2 Qd4+ 72. Kf1 Qd7) 70. Qc7+ $1 Ke6 71. Qc8+ Qd7 72. Qc4+ Kf5 73. Qf4+ Kg6 74. Qe4+ f5 75. Qe5 Kf7 76. Kf2 Qd2+ 77. Kg1 Qd1+ 78. Kh2 Qc2+ 79. Kg1 Qe4 80. Qd6 Qe6 (80... f4 {looks sharper.} 81. Qd7+ Kf8 82. Qd8+ Kf7 83. Qd7+) 81. Qf4 Qd5 82. Qc7+ Ke6 83. Qb6+ Ke5 84. Qe3+ Kd6 85. Qb6+ $1 Qc6 86. Qd4+ Kc7 87. Qa7+ Kc8 88. Qe3 Kb7 89. Kf2 Qc2+ 90. Kg1 Qe4 91. Kf2 Kc6 92. Qc3+ Kd5 93. Qa5+ Ke6 94. Qb6+ Kd7 95. Qa7+ Kd6 96. Qb6+ Qc6 97. Qd4+ Ke6 {White must now prevent ...Qf3+.} 98. Qe3+ Qe4 99. Qb6+ Kf7 {...Qf3+ is the strong threat.} 100. Qc7+ Kf6 101. Qd6+ Qe6 102. Qd8+ Kg6 103. Qc7 $1 Qa2+ (103... f4 $5 104. Qxf4 Qf6 $11) 104. Kg1 Qd5 105. Qb6+ Kf7 106. Qe3 Kf6 107. Kf2 Qa2+ 108. Kg1 Qb1+ 109. Kf2 $1 Qc2+ 110. Kg1 Qe4 111. Qb6+ Ke5 112. Qc5+ Ke6 113. Qb6+ Kd5 {Hoping for ...Qd4+.} 114. Qd8+ Kc4 {And now ...Qd4+ would win.} 115. Qb8 Kc3 116. Kf2 Qd4+ 117. Kg2 Kd2 118. Qc7 Ke3 {aiming for ...Qd2+.} 119. Kh2 $2 {[%mdl 8192] [#]} (119. Qb8 $11 Qe4+ 120. Kh2) 119... Qd2+ {Black mates.} 120. Kh1 Kf3 {[%csl Gf3][%cal Rd2g2]} 121. Qb7+ Kxg3 {[%csl Gg3][%cal Rd2h2]} 122. Qb3+ Kf2 123. Qb6+ Qe3 124. Qb2+ Kf3 125. Qg2+ Kf4 126. Qg3+ Ke4 127. Qd6 Qd4 128. Qe6+ Kf4 129. Qh6+ Kf3 130. Qc1 Qe4 131. Qg1 Ke2+ 132. Kh2 Qf4+ {Precision: White = 58%, Black = 52%.} 0-1

[Event "HUN-chT 2017-18"]
[Site "Budapest"]
[Date "2018.05.06"]
[Round "9"]
[White "Sanchez Repullo, Daniel"]
[Black "Borhy, Marcell"]
[Result "0-1"]
[WhiteElo "2266"]
[BlackElo "2226"]
[Annotator "NA"]
[PlyCount "118"]
[EventDate "2018.??.??"]
[EventType "team-tourn"]
[EventCountry "HUN"]
[SourceTitle "playchess.com"]
[Source "ChessBase"]
[SourceQuality "1"]
[WhiteTeam "Hungary"]
[BlackTeam "Hungary"]
[WhiteTeamCountry "HUN"]
[BlackTeamCountry "HUN"]
[TimeControl "40/5400+30:1800+30"]

1. d4 {[%emt 0:00:04]} d5 {[%emt 0:00:39]} 2. Nf3 {[%emt 0:00:14]} Nf6 {[%emt 0:00:20]} 3. Bf4 {[%emt 0:01:43]} c5 {[%emt 0:00:30]} 4. e3 {[%emt 0:06:56]} Nc6 {[%emt 0:01:42]} 5. c3 {[%emt 0:00:25]} Qb6 {[%emt 0:00:27]} 6. Qc1 {[%emt 0:07:05]} c4 {[%emt 0:01:35]} 7. Nbd2 {[%emt 0:01:46]} Bf5 {[%emt 0:00:24]} 8. Be2 {[%emt 0:03:25]} h6 {[%emt 0:01:03]} 9. O-O {[%emt 0:05:15]} e6 {[%emt 0:03:07]} 10. b3 {[%emt 0:01:52]} cxb3 {[%emt 0:00:48]} 11. axb3 {[%emt 0:00:02]} Be7 {[%emt 0:04:12]} 12. h3 {[%emt 0:00:44]} O-O {[%emt 0:00:57]} 13. Ra4 {[%emt 0:02:49]} Rfc8 {[%emt 0:05:42]} 14. Qa1 {[%emt 0:09:32]} Ne4 {[%emt 0:05:16]} 15. Nxe4 {[%emt 0:05:51]} Bxe4 {[%emt 0:00:19]} 16. Nd2 {[%emt 0:00:04]} Bg6 {[%emt 0:00:32]} 17. Re1 {[%emt 0:01:55]} Qd8 {[%emt 0:03:16]} 18. Bf3 {[%emt 0:05:59]} f5 {[%emt 0:08:50]} 19. b4 {[%emt 0:06:21]} a5 {[%emt 0:09:21]} 20. b5 {[%emt 0:04:51]} Na7 {[%emt 0:01:15]} 21. Rb1 {[%emt 0:02:46]} Be8 {[%emt 0:11:23]} 22. Be2 {[%emt 0:00:05]} b6 {[%emt 0:03:27]} 23. Nf3 {[%emt 0:00:07]} Bd6 {[%emt 0:01:27]} 24. Ne5 {[%emt 0:05:13]} g5 {[%emt 0:08:31]} 25. Bh2 {[%emt 0:02:15]} Rc7 {[%emt 0:04:59]} 26. c4 {[%emt 0:04:27]} Nc8 {[%emt 0:00:22]} 27. cxd5 {[%emt 0:08:11]} exd5 {[%emt 0:00:08]} 28. Bf3 {[%emt 0:00:05]} Ne7 {[%emt 0:00:15]} 29. Qa2 {[%emt 0:01:31]} Bxe5 {[%emt 0:00:12]} 30. Bxe5 {[%emt 0:00:15]} Rc3 {[%emt 0:00:09]} 31. Bf6 {[%emt 0:01:24]} Bf7 {[%emt 0:00:40]} 32. Bxe7 {[%emt 0:00:21]} Qxe7 {[%emt 0:00:02]} 33. Bxd5 {[%emt 0:00:06]} Rac8 {[%emt 0:00:26]} 34. Bxf7+ {[%emt 0:05:21]} Qxf7 {[%emt 0:00:03]} 35. Qxf7+ {[%emt 0:00:28]} Kxf7 {[%emt 0:00:02]} 36. Ra2 {[%emt 0:00:05]} Rc2 {[%emt 0:00:39]} 37. Rbb2 {[%emt 0:01:00]} Rxb2 {[%emt 0:00:19]} 38. Rxb2 {[%emt 0:00:01]} Rc1+ {[%emt 0:00:21]} 39. Kh2 {[%emt 0:00:04]} Ke6 {[%emt 0:00:17]} 40. g4 {[%emt 0:00:00]} f4 {[%emt 0:01:13]} 41. e4 {[%emt 0:01:00]} Rc4 {[%emt 0:01:46]} 42. Rd2 {[%emt 0:00:45]} Kd6 {[%emt 0:02:14]} 43. h4 {[%emt 0:21:08]} a4 {[%emt 0:05:00]} 44. Rd3 {[%emt 0:04:29]} Rb4 {[%emt 0:02:34]} 45. hxg5 {[%emt 0:03:44]} hxg5 {[%emt 0:00:17]} 46. Kg2 {[%emt 0:00:46]} Rb3 {[%emt 0:04:02]} 47. Rd1 {[%emt 0:00:09]} Rxb5 {[%emt 0:00:25]} 48. d5 {[%emt 0:04:16]} Ra5 {[%emt 0:03:44]} 49. e5+ {[%emt 0:05:24]} Kxe5 {[%emt 0:00:48]} 50. d6 {[%emt 0:00:16]} Ra8 {[%emt 0:00:14]} 51. d7 {[%emt 0:00:35]} Rd8 {[%emt 0:00:06]} 52. Ra1 {[%emt 0:01:15]} Rxd7 {[%emt 0:00:28]} 53. Rxa4 {[%emt 0:00:01]} Rd4 {[%emt 0:01:27]} 54. Ra8 {[%emt 0:00:22]} Rd5 {[%emt 0:00:14]} 55. Kf3 {[%emt 0:00:43]} b5 {[%emt 0:00:31]} 56. Rb8 {[%emt 0:00:15]} Kd4 {[%emt 0:00:17]} 57. Rb7 {[%emt 0:01:03]} Re5 {[%emt 0:00:08]} 58. Rd7+ {[%emt 0:01:22]} Kc3 {[%emt 0:00:22]} 59. Rc7+ {[%emt 0:00:05]} Kb3 {[%emt 0:00:09]} 0-1

[Event "HUN-chT 2017-18"]
[Site "Budapest"]
[Date "2018.05.06"]
[Round "9"]
[White "Pergel, Laszlo"]
[Black "Turzo, Attila"]
[Result "0-1"]
[WhiteElo "2263"]
[BlackElo "2284"]
[Annotator "ChessBase"]
[PlyCount "111"]
[EventDate "2018.??.??"]
[EventType "team-tourn"]
[EventCountry "HUN"]
[SourceTitle "playchess.com"]
[Source "ChessBase"]
[SourceQuality "1"]
[WhiteTeam "Hungary"]
[BlackTeam "Hungary"]
[WhiteTeamCountry "HUN"]
[BlackTeamCountry "HUN"]
[TimeControl "40/5400+30:1800+30"]

1. e4 {[%emt 0:00:04]} c5 {[%emt 0:01:38]} 2. Nf3 {[%emt 0:00:04]} g6 {[%emt 0:00:13]} 3. Bc4 {[%emt 0:00:34]} Bg7 {[%emt 0:01:29]} 4. c3 {[%emt 0:00:08]} e6 {[%emt 0:00:17]} 5. d3 {[%emt 0:00:36]} d5 {[%emt 0:00:20]} 6. Bb3 {[%emt 0:02:05]} Nc6 {[%emt 0:04:21]} 7. O-O {[%emt 0:06:43]} Nge7 {[%emt 0:04:13]} 8. Re1 {[%emt 0:03:27]} O-O {[%emt 0:04:38]} 9. Nbd2 {[%emt 0:00:29]} e5 {[%emt 0:06:25]} 10. Nf1 {[%emt 0:18:54]} h6 {[%emt 0:01:51]} 11. Ne3 {[%emt 0:09:57]} Be6 {[%emt 0:02:10]} 12. exd5 {[%emt 0:02:41]} Nxd5 {[%emt 0:03:15]} 13. Nc4 {[%emt 0:00:13]} Qc7 {[%emt 0:08:51]} 14. Qe2 {[%emt 0:00:13]} Rfe8 {[%emt 0:09:35]} 15. Ba4 {[%emt 0:19:24]} f6 {[%emt 0:09:52]} 16. Qc2 {[%emt 0:11:52]} Rad8 {[%emt 0:12:29]} 17. Be3 {[%emt 0:08:41]} a6 {[%emt 0:05:08]} 18. Ncd2 {[%emt 0:02:51]} b6 {[%emt 0:04:23]} 19. a3 {[%emt 0:01:17]} f5 {[%emt 0:00:44]} 20. Bxc6 {[%emt 0:00:41]} Qxc6 {[%emt 0:00:13]} 21. Nc4 {[%emt 0:00:18]} Nxe3 {[%emt 0:04:47]} 22. Nxe3 {[%emt 0:01:33]} b5 {[%emt 0:01:51]} 23. a4 {[%emt 0:01:53]} f4 {[%emt 0:02:16]} 24. Nf1 {[%emt 0:00:49]} Bf5 {[%emt 0:00:03]} 25. axb5 {[%emt 0:01:48]} Qxb5 {[%emt 0:04:27]} 26. c4 {[%emt 0:00:46]} Qd7 {[%emt 0:01:15]} 27. Qa4 {[%emt 0:04:42]} Qxa4 {[%emt 0:02:55]} 28. Rxa4 {[%emt 0:00:01]} Bxd3 {[%emt 0:00:25]} 29. Rxa6 {[%emt 0:00:11]} e4 {[%emt 0:01:11]} 30. Nh4 {[%emt 0:00:53]} e3 {[%emt 0:00:24]} 31. fxe3 {[%emt 0:00:53]} fxe3 {[%emt 0:00:12]} 32. Nf3 {[%emt 0:00:46]} Bd4 {[%emt 0:01:44]} 33. Nxd4 {[%emt 0:00:18]} cxd4 {[%emt 0:00:01]} 34. Ng3 {[%emt 0:00:28]} Bc2 {[%emt 0:01:20]} 35. Nf1 {[%emt 0:00:43]} d3 {[%emt 0:02:01]} 36. Rxe3 {[%emt 0:00:05]} Rxe3 {[%emt 0:00:07]} 37. Nxe3 {[%emt 0:00:01]} d2 {[%emt 0:00:06]} 38. Kf2 {[%emt 0:00:47]} d1=Q {[%emt 0:00:52]} 39. Nxd1 {[%emt 0:00:02]} Rxd1 {[%emt 0:00:07]} 40. c5 {[%emt 0:00:00]} Kf7 {[%emt 0:01:40]} 41. c6 {[%emt 0:10:13]} Bf5 {[%emt 0:13:18]} 42. b4 {[%emt 0:07:39]} Rb1 43. Rb6 {[%emt 0:00:48]} Rb2+ {[%emt 0:07:13]} 44. Kf3 {[%emt 0:03:54]} Rb3+ {[%emt 0:02:58]} 45. Kf2 {[%emt 0:05:13]} Ke7 {[%emt 0:01:42]} 46. b5 {[%emt 0:02:59]} Kd6 {[%emt 0:00:34]} 47. Rb8 {[%emt 0:00:27]} h5 {[%emt 0:02:59]} 48. h3 {[%emt 0:00:23]} Be6 {[%emt 0:01:14]} 49. Rd8+ {[%emt 0:03:37]} Kc7 {[%emt 0:00:45]} 50. Re8 {[%emt 0:00:15]} Rb2+ {[%emt 0:03:23]} 51. Ke3 {[%emt 0:00:17]} Bf5 {[%emt 0:01:00]} 52. Re7+ {[%emt 0:01:18]} Kd6 {[%emt 0:00:01]} 53. Rb7 {[%emt 0:00:06]} Rxg2 {[%emt 0:00:19]} 54. c7 {[%emt 0:00:22]} Bc8 {[%emt 0:01:02]} 55. Ra7 {[%emt 0:00:01]} Rb2 {[%emt 0:00:20]} 56. Kf4 0-1

[Event "HUN-chT 2017-18"]
[Site "Budapest"]
[Date "2018.05.06"]
[Round "9"]
[White "Balint, Vilmos"]
[Black "Biro, David"]
[Result "1/2-1/2"]
[WhiteElo "2237"]
[BlackElo "2244"]
[Annotator "ChessBase"]
[PlyCount "135"]
[EventDate "2018.??.??"]
[EventType "team-tourn"]
[EventCountry "HUN"]
[SourceTitle "playchess.com"]
[Source "ChessBase"]
[SourceQuality "1"]
[WhiteTeam "Hungary"]
[BlackTeam "Hungary"]
[WhiteTeamCountry "HUN"]
[BlackTeamCountry "HUN"]
[TimeControl "40/5400+30:1800+30"]

1. Nf3 {[%emt 0:00:23]} g6 {[%emt 0:00:47]} 2. g3 {[%emt 0:00:12]} Bg7 {[%emt 0:00:28]} 3. d4 {[%emt 0:00:11]} d6 {[%emt 0:00:41]} 4. Bg2 {[%emt 0:00:16]} Nc6 {[%emt 0:01:22]} 5. O-O {[%emt 0:10:02]} e5 {[%emt 0:01:11]} 6. dxe5 {[%emt 0:03:35]} dxe5 {[%emt 0:06:21]} 7. Qxd8+ {[%emt 0:01:29]} Nxd8 {[%emt 0:00:06]} 8. Nc3 {[%emt 0:01:37]} h6 {[%emt 0:11:43]} 9. Nd2 {[%emt 0:06:49]} Ne7 {[%emt 0:08:25]} 10. e4 {[%emt 0:04:27]} Ne6 {[%emt 0:07:29]} 11. Nb3 {[%emt 0:07:12]} c6 {[%emt 0:07:28]} 12. Be3 {[%emt 0:03:09]} h5 {[%emt 0:21:39]} 13. Rfd1 {[%emt 0:08:10]} Ng8 {[%emt 0:03:32]} 14. Na5 {[%emt 0:05:29]} Nf6 {[%emt 0:06:03]} 15. f3 {[%emt 0:04:30]} O-O {[%emt 0:08:50]} 16. Rd2 {[%emt 0:04:52]} Ne8 {[%emt 0:02:31]} 17. Rad1 {[%emt 0:04:26]} N8c7 {[%emt 0:03:45]} 18. Ne2 {[%emt 0:05:34]} Kh7 {[%emt 0:01:50]} 19. c3 {[%emt 0:02:04]} Bf6 {[%emt 0:02:05]} 20. h4 {[%emt 0:03:19]} Be7 {[%emt 0:00:42]} 21. Nc4 {[%emt 0:01:49]} f6 {[%emt 0:00:01]} 22. Kh2 {[%emt 0:07:28]} Ne8 {[%emt 0:01:05]} 23. Bh3 {[%emt 0:00:48]} Kg7 {[%emt 0:00:46]} 24. Na5 {[%emt 0:04:32]} Kf7 {[%emt 0:01:12]} 25. b4 {[%emt 0:00:37]} N8c7 {[%emt 0:00:52]} 26. f4 {[%emt 0:01:04]} exf4 {[%emt 0:00:10]} 27. gxf4 {[%emt 0:00:27]} f5 {[%emt 0:01:30]} 28. exf5 {[%emt 0:00:24]} gxf5 {[%emt 0:00:06]} 29. Bxf5 {[%emt 0:00:17]} Nd5 {[%emt 0:00:28]} 30. Bxe6+ {[%emt 0:04:41]} Bxe6 {[%emt 0:00:11]} 31. Bd4 {[%emt 0:00:11]} Bc8 {[%emt 0:02:06]} 32. Nc4 {[%emt 0:00:25]} Nf6 {[%emt 0:00:25]} 33. Bxf6 {[%emt 0:03:00]} Kxf6 {[%emt 0:00:09]} 34. Ng3 {[%emt 0:00:50]} Bg4 {[%emt 0:00:06]} 35. Re1 {[%emt 0:00:40]} Rad8 {[%emt 0:00:20]} 36. Ne4+ {[%emt 0:00:26]} Kg7 {[%emt 0:00:19]} 37. Kg3 {[%emt 0:00:52]} Rxd2 {[%emt 0:00:16]} 38. Nexd2 {[%emt 0:00:09]} Bf6 {[%emt 0:00:21]} 39. Ne5 {[%emt 0:00:41]} Bf5 {[%emt 0:01:11]} 40. Ndf3 {[%emt 0:00:00]} a5 {[%emt 0:01:27]} 41. Nd4 {[%emt 0:02:18]} Bc8 {[%emt 0:02:23]} 42. bxa5 {[%emt 0:02:32]} c5 {[%emt 0:04:37]} 43. Nb3 {[%emt 0:01:07]} c4 {[%emt 0:07:45]} 44. Nd4 {[%emt 0:00:30]} Kh7 {[%emt 0:00:46]} 45. Nef3 {[%emt 0:02:01]} Rd8 {[%emt 0:02:43]} 46. Ng5+ {[%emt 0:02:43]} Kg6 {[%emt 0:00:07]} 47. Ngf3 {[%emt 0:04:05]} Kh7 {[%emt 0:01:31]} 48. f5 {[%emt 0:01:53]} Rg8+ {[%emt 0:05:33]} 49. Kf2 {[%emt 0:05:29]} Rg4 {[%emt 0:00:59]} 50. Re8 {[%emt 0:06:07]} Bxd4+ {[%emt 0:00:09]} 51. Nxd4 {[%emt 0:01:04]} Bxf5 {[%emt 0:00:06]} 52. Re7+ {[%emt 0:01:01]} Kg6 {[%emt 0:00:13]} 53. Nf3 {[%emt 0:00:17]} Be4 54. Ne5+ {[%emt 0:02:34]} Kf6 {[%emt 0:05:04]} 55. Nxg4+ {[%emt 0:00:05]} Kxe7 {[%emt 0:00:09]} 56. Ne5 {[%emt 0:00:04]} Ke6 {[%emt 0:01:52]} 57. Nxc4 {[%emt 0:00:09]} Bd5 {[%emt 0:00:05]} 58. Nd2 {[%emt 0:00:38]} Kf5 {[%emt 0:03:07]} 59. c4 {[%emt 0:00:54]} Bc6 {[%emt 0:00:02]} 60. Ke3 {[%emt 0:04:42]} Kg4 {[%emt 0:00:09]} 61. Ne4 {[%emt 0:00:12]} Kxh4 {[%emt 0:00:14]} 62. Nf6 {[%emt 0:00:18]} Kg5 {[%emt 0:00:29]} 63. Nxh5 {[%emt 0:00:05]} Kxh5 {[%emt 0:00:01]} 64. Kd4 {[%emt 0:00:07]} Kg5 {[%emt 0:00:09]} 65. Kc5 {[%emt 0:00:08]} Bf3 {[%emt 0:00:16]} 66. Kb6 {[%emt 0:00:11]} Kf6 {[%emt 0:00:24]} 67. c5 {[%emt 0:00:45]} Ke7 {[%emt 0:01:50]} 68. a6 1/2-1/2

[Event "HUN-chT 2017-18"]
[Site "Budapest"]
[Date "2018.05.06"]
[Round "9"]
[White "Juhasz, Barbara"]
[Black "Krstulovic, Alex"]
[Result "0-1"]
[WhiteElo "2234"]
[BlackElo "2290"]
[Annotator "NA"]
[PlyCount "46"]
[EventDate "2018.??.??"]
[EventType "team-tourn"]
[EventCountry "HUN"]
[SourceTitle "playchess.com"]
[Source "ChessBase"]
[SourceQuality "1"]
[WhiteTeam "Hungary"]
[BlackTeam "Hungary"]
[WhiteTeamCountry "HUN"]
[BlackTeamCountry "HUN"]
[TimeControl "40/5400+30:1800+30"]

1. e4 {[%emt 0:00:07]} e5 {[%emt 0:00:37]} 2. Nf3 {[%emt 0:00:10]} Nc6 {[%emt 0:00:07]} 3. Bb5 {[%emt 0:00:14]} a6 {[%emt 0:00:07]} 4. Ba4 {[%emt 0:00:07]} Nf6 {[%emt 0:00:08]} 5. d4 {[%emt 0:00:14]} exd4 {[%emt 0:02:03]} 6. O-O {[%emt 0:00:10]} Be7 {[%emt 0:00:51]} 7. e5 {[%emt 0:00:16]} Ne4 {[%emt 0:00:17]} 8. Nxd4 {[%emt 0:00:25]} O-O {[%emt 0:00:15]} 9. Nf5 {[%emt 0:17:47]} d5 {[%emt 0:00:23]} 10. Nxe7+ {[%emt 0:00:08]} Nxe7 {[%emt 0:00:12]} 11. c3 {[%emt 0:00:28]} Nc5 {[%emt 0:04:45]} 12. Bc2 {[%emt 0:00:44]} Bf5 {[%emt 0:00:11]} 13. Na3 {[%emt 0:02:38]} Qd7 {[%emt 0:03:46]} 14. Re1 {[%emt 0:30:45]} Rfe8 {[%emt 0:13:02]} 15. Be3 {[%emt 0:12:22]} Ne6 $11 {[%emt 0:02:09]} 16. Qh5 {[%emt 0:07:11]} Bg6 {[%emt 0:01:38]} 17. Qh3 {[%emt 0:04:29]} c5 {[%emt 0:14:46]} 18. Rad1 {[%emt 0:00:19]} Bxc2 {[%emt 0:03:24]} 19. Nxc2 {[%emt 0:00:14]} Qa4 {[%emt 0:00:37]} 20. Rd2 {[%emt 0:04:00]} Rad8 {[%emt 0:16:49]} 21. Red1 {[%emt 0:05:33]} Nc6 {[%emt 0:05:23]} 22. b3 {[%emt 0:02:04]} Qa5 {[%emt 0:00:36]} 23. Bxc5 {[%emt 0:09:03]} Qxc5 {[%emt 0:00:32]} 0-1

[Event "HUN-chT 2017-18"]
[Site "Budapest"]
[Date "2018.05.06"]
[Round "9"]
[White "Szabo, Balazs"]
[Black "Lenic, Luka"]
[Result "0-1"]
[WhiteElo "2231"]
[BlackElo "2653"]
[Annotator "TA"]
[PlyCount "64"]
[EventDate "2018.??.??"]
[EventType "team-tourn"]
[EventCountry "HUN"]
[SourceTitle "playchess.com"]
[Source "ChessBase"]
[SourceQuality "1"]
[WhiteTeam "Hungary"]
[BlackTeam "Hungary"]
[WhiteTeamCountry "HUN"]
[BlackTeamCountry "HUN"]

{[%evp 25,64,0,-3,-43,-49,-56,-55,-56,-45,-48,-44,-51,-44,-43,-39,-54,-54,-46,-22,-18,0,-50,-45,-51,-56,-53,-58,-80,-62,-69,-64,-53,-44,-168,-177,-918,-994,-984,-966,-29991,-29992]} 1. e4 c5 2. Nf3 Nc6 3. d4 cxd4 4. Nxd4 Nf6 5. Nc3 e5 6. Ndb5 d6 7. Bg5 a6 8. Na3 b5 9. Nd5 Be7 10. Bxf6 Bxf6 11. g3 Bg5 {B33: Sicilian: Pelikan and Sveshnikov Variations} 12. Bg2 O-O 13. O-O Be6 {LiveBook: 3 Games. The position is equal.} (13... Ne7 14. c3 Nxd5 15. Qxd5 Be6 16. Qd3 Qb6 17. h4 Bh6 18. c4 Rfb8 19. Rfd1 {½-½ (49) Litvinov,M (2373)-Lintchevski,D (2548) Samara 2016}) 14. c4 Nd4 15. cxb5 $146 ({Predecessor:} 15. Qd3 Bxd5 16. exd5 Qb6 17. cxb5 axb5 18. Kh1 f5 19. Nc2 Nxc2 20. Qxc2 {½-½ (52) Urbina Perez,J (2216)-Gutierrez Valero,M (2079) Lucena 2012}) 15... axb5 16. Nc2 Nxc2 17. Qxc2 Bxd5 18. exd5 Qa5 19. h4 Bh6 20. Bh3 Ra7 21. Qc6 Ra6 22. Qb7 Ra7 {[%cal Ba6a7,Ba7a3,Ba3c3][%mdl 32]} 23. Qc6 Rd8 24. b4 Qxb4 25. Rab1 Qd4 $36 {[%mdl 2048] White is under pressure.} 26. Rxb5 g6 $1 (26... Rxa2 $6 27. Qxd6 $1 {[%mdl 512]} Raa8 28. Qe7 $11) 27. Rb7 Ra3 {Hoping for ...Rxg3+.} 28. Kg2 Rc3 ({Reject} 28... Rxa2 $6 {[#]} 29. Be6 $1 $11 {[%mdl 512]}) 29. Rd7 (29. Qb6 $15 Qxd5+ 30. Kh2) 29... Rxd7 $19 ({Don't play} 29... Rxc6 $6 30. Rxd8+ Kg7 31. dxc6 $15) 30. Qa8+ $2 (30. Qxd7 Qxd5+ 31. Kh2) 30... Kg7 31. Bxd7 Qe4+ 32. Kh2 {[#]} Rxg3 $1 {[%mdl 512] Precision: White = 35%, Black = 86%.} 0-1

[Event "HUN-chT 2017-18"]
[Site "Budapest"]
[Date "2018.05.06"]
[Round "9"]
[White "Karacsonyi, Gellert"]
[Black "Medvegy, Nora"]
[Result "1/2-1/2"]
[WhiteElo "2208"]
[BlackElo "2354"]
[Annotator "ChessBase"]
[PlyCount "20"]
[EventDate "2018.??.??"]
[EventType "team-tourn"]
[EventCountry "HUN"]
[SourceTitle "playchess.com"]
[Source "ChessBase"]
[SourceQuality "1"]
[WhiteTeam "Hungary"]
[BlackTeam "Hungary"]
[WhiteTeamCountry "HUN"]
[BlackTeamCountry "HUN"]
[TimeControl "40/5400+30:1800+30"]

1. e4 {[%emt 0:00:03]} c5 {[%emt 0:00:35]} 2. Nf3 {[%emt 0:00:07]} Nc6 {[%emt 0:00:08]} 3. d4 {[%emt 0:00:09]} cxd4 {[%emt 0:00:07]} 4. Nxd4 {[%emt 0:00:06]} Qc7 {[%emt 0:00:14]} 5. Nc3 {[%emt 0:00:25]} e6 {[%emt 0:01:07]} 6. Be3 {[%emt 0:00:08]} a6 {[%emt 0:00:53]} 7. a3 {[%emt 0:00:05]} Nf6 {[%emt 0:01:59]} 8. f4 {[%emt 0:00:08]} d6 {[%emt 0:02:34]} 9. Qf3 {[%emt 0:00:07]} Rb8 {[%emt 0:16:52]} 10. O-O-O {[%emt 0:12:52]} Bd7 {[%emt 0:22:33]} 1/2-1/2